[Event "Hillerod op"]
[Site "Hillerod"]
[Date "2014.??.??"]
[Round "3"]
[White "Surlykke, Thomas Holme"]
[Black "Lavrsen, Frands Winther"]
[Result "0-1"]
[WhiteElo "1400"]
[BlackElo "1850"]
[PlyCount "48"]
[EventDate "2014.08.26"]
[EventType "swiss"]
[EventRounds "7"]
[EventCountry "DEN"]
[SourceTitle "EXT 2024"]
[Source "ChessBase"]
[SourceDate "2023.10.10"]
[SourceVersion "1"]
[SourceVersionDate "2023.10.10"]
[SourceQuality "1"]

1. e4 Nc6 2. d4 d5 3. e5 Bf5 4. a3 Qd7 5. Nc3 f6 6. exf6 Nxf6 7. Nf3 0-0-0 8. Bb5 a6 9. Ba4 b5 10. Bb3 Bg4 11. h3 Bxf3 12. Qxf3 Nxd4 13. Qe3 Nxb3 14. Qa7 Qe6+ 15. Be3 Nxa1 16. 0-0 Nxc2 17. Bf4 Qb6 18. Qxb6 cxb6 19. Rc1 d4 20. Nxb5 d3 21. Nc3 e6 22. Bd2 e5 23. Na4 Kb7 24. Bc3 b5 0-1